Diseño de estrategias innovadoras para la reactivación post pandemia por COVID-19 en la empresa Pettennati Centro América S.A. de C.V. en el periodo comprendido de julio de 2021 a febrero del 2022ç (Registro nro. 12332)

Detalles MARC
000 -LEADER
fixed length control field 00830nam a2200205Ia 4500
005 - FECHA Y HORA DE LA ÚLTIMA TRANSACCIÓN
control field 20240809171100.0
008 - FIXED-LENGTH DATA ELEMENTS--GENERAL INFORMATION
fixed length control field 240808s9999 xx 000 0 und d
040 ## - CATALOGING SOURCE
Original cataloging agency UPAN
Transcribing agency Biblioteca San Vicente
Description conventions RCAA2
041 ## - LANGUAGE CODE
Language code of text/sound track or separate title spa
082 ## - DEWEY DECIMAL CLASSIFICATION NUMBER
Classification number 338.71
Item number Cha
año de publicación 2022
100 ## - MAIN ENTRY--PERSONAL NAME
Personal name Chacón Flores, José Luis
Relator code aut.
245 #0 - TITLE STATEMENT
Title Diseño de estrategias innovadoras para la reactivación post pandemia por COVID-19 en la empresa Pettennati Centro América S.A. de C.V. en el periodo comprendido de julio de 2021 a febrero del 2022ç
260 ## - PUBLICATION, DISTRIBUTION, ETC. (IMPRINT)
Place of publication, distribution, etc San Salvador:
Name of publisher, distributor, etc Universidad Panamericana,
Date of publication, distribution, etc 2022
300 ## - PHYSICAL DESCRIPTION
Extent 122 p.;
Dimensions 28 cm.
650 ## - SUBJECT ADDED ENTRY--TOPICAL TERM
Source of heading or term LEMB
Topical term or geographic name as entry element Diseño de estrategias
700 ## - ADDED ENTRY--PERSONAL NAME
Personal name Belloso, Jaime Antonio;
Relator code aut.
700 ## - ADDED ENTRY--PERSONAL NAME
Personal name Fabián Velasco, Jenny Lisseth;
Relator code aut.
700 ## - ADDED ENTRY--PERSONAL NAME
Personal name Andrade Bermúdez, Yajaira Eunice
Relator code aut.
942 ## - ADDED ENTRY ELEMENTS (KOHA)
Koha item type Libros
Source of classification or shelving scheme Dewey Decimal Classification
Existencias
Withdrawn status Lost status Source of classification or shelving scheme Damaged status Not for loan Collection code Home library Current library Date acquired Total Checkouts Full call number Barcode Date last seen Copy number Price effective from Koha item type
    Dewey Decimal Classification     Tesario Biblioteca UPAN San Vicente Biblioteca UPAN San Vicente 08/08/2024   338.71 Cha 12102141 08/08/2024 01 08/08/2024 Trabajos de Grado